The Rise, fall, and legacy of apartheid / (Record no. 13703)

MARC details
000 -LEADER
fixed length control field 00770nam a22002292 4500
001 - CONTROL NUMBER
control field 0000019549
005 - DATE AND TIME OF LATEST TRANSACTION
control field 20151217155901.0
008 - FIXED-LENGTH DATA ELEMENTS--GENERAL INFORMATION
fixed length control field 110107s xx 000 0 eng d
020 ## - INTERNATIONAL STANDARD BOOK NUMBER
International Standard Book Number 0275983110 :
040 ## - CATALOGING SOURCE
Original cataloging agency KABU
Transcribing agency KABU
100 1# - MAIN ENTRY--PERSONAL NAME
Personal name Louw, P. Eric.
-- 0000167957
245 14 - TITLE STATEMENT
Title The Rise, fall, and legacy of apartheid /
Statement of responsibility, etc. P. Eric Louw.
250 ## - EDITION STATEMENT
Edition statement 1st ed.
260 ## - PUBLICATION, DISTRIBUTION, ETC. (IMPRINT)
Place of publication, distribution, etc. Westport, CT :
Name of publisher, distributor, etc. Praeger,
Date of publication, distribution, etc. 2004.
300 ## - PHYSICAL DESCRIPTION
Extent xviii, 255 p.
650 #0 - SUBJECT ADDED ENTRY--TOPICAL TERM
Topical term or geographic name as entry element Apartheid
Geographic subdivision South Africa.
-- 0000179316
651 #0 - SUBJECT ADDED ENTRY--GEOGRAPHIC NAME
Geographic name South Africa
General subdivision Race relations
-- History.
Chronological subdivision 20th Century.
-- 0000179317
651 #0 - SUBJECT ADDED ENTRY--GEOGRAPHIC NAME
Geographic name South Africa
General subdivision Politics and government.
Chronological subdivision 20th Century.
-- 0000179318
852 1# - LOCATION
-- p6450 KES
908 ## - PUT COMMAND PARAMETER (RLIN)
Put command parameter 110107
950 ## - LOCAL HOLDINGS (RLIN)
-- 1
Holdings
Withdrawn status Lost status Source of classification or shelving scheme Not for loan Home library Current library Date acquired Total Checkouts Full call number Barcode Date last seen Date last checked out Price effective from Koha item type
    Library of Congress Classification   Kabarak, Main Campus Kabarak, Main Campus 17/12/2015 3 DT1757 .L68 2004 c. 1 22984 21/11/2023 29/02/2020 17/12/2015 Africana Collection
Designed with assistance from East African Informatics Ltd